| 000 | 00418nam a2200169 4500 | ||
|---|---|---|---|
| 001 | 21943 | ||
| 005 | 20230410143310.0 | ||
| 008 | 060907n1980 dr spa | ||
| 035 | _9funglode22106 | ||
| 041 | _aES | ||
| 050 | 1 | 4 | _aRosa |
| 100 | _aCastro, Fidel | ||
| 245 | 1 |
_aDesafio a la informacion / _cFidel Castro |
|
| 260 |
_aLa Habana : _bEditora Politica, _c1980 |
||
| 300 | _a103 p. | ||
| 942 |
_2lcc _cbk |
||
| 999 |
_c99074 _d99074 |
||